Подробности
| 000 -МАРКЕР |
| контрольное поле |
01735nam0a2200385 4500 |
| 001 - ИДЕНТИФИКАТОР ЗАПИСИ |
| контрольное поле |
RU\NLR\bibl\848902 |
| 005 - ИДЕНТИФИКАТОР ВЕРСИИ |
| контрольное поле |
20260405085705.0 |
| 010 ## - МЕЖДУНАРОДНЫЙ СТАНДАРТНЫЙ НОМЕР КНИГИ (ISBN) |
| Номер (ISBN) |
5-94355-251-0 |
| Тираж |
3000 |
| 021 ## - НОМЕР ГОСУДАРСТВЕННОЙ РЕГИСТРАЦИИ |
| Код страны |
Российская Федерация |
| Номер |
2005-22428 |
| Номер Листа государственной регистраци |
1141 |
| 035 ## - ДРУГИЕ СИСТЕМНЫЕ НОМЕРА |
| Идентификатор записи |
(nilc)RSL-KNO-002596079 |
| 035 ## - ДРУГИЕ СИСТЕМНЫЕ НОМЕРА |
| Идентификатор записи |
(NLR Aleph) 000837660 |
| 100 ## - ДАННЫЕ ОБЩЕЙ ОБРАБОТКИ |
| Данные общей обработки |
20050428d2005 |||y0rusy50 ca |
| 101 0# - ЯЗЫК РЕСУРСА |
| Язык текста, звукозаписи и т.д. |
русский |
| 102 ## - СТРАНА ПУБЛИКАЦИИ ИЛИ ПРОИЗВОДСТВА |
| Страна публикации |
Российская Федерация |
| 105 ## - ПОЛЕ КОДИРОВАННЫХ ДАННЫХ: ТЕКСТОВЫЕ МАТЕРИАЛЫ, МОНОГРАФИЧЕСКИЕ |
| Кодированные данные о монографическом текстовом документе |
a ||||||||| |
| 106 ## - ПОЛЕ КОДИРОВАННЫХ ДАННЫХ: ТЕКСТОВЫЕ РЕСУРСЫ – ФОРМА |
| Форма ресурса: кодированные данные: обозначение носителя |
r |
| 200 1# - ЗАГЛАВИЕ И СВЕДЕНИЯ ОБ ОТВЕТСТВЕННОСТИ |
| Основное заглавие |
Манифест эволюции |
| Сведения, относящиеся к заглавию |
метанаука для йогов, ученых и программистов |
| Первые сведения об ответственности |
Брамари Ананда, Према Шакти Ананда, Бала Янтра |
| Последующие сведения об ответственности |
Лаб. Сарасвати |
| 210 ## - ПУБЛИКАЦИЯ, РАСПРОСТРАНЕНИЕ И ДР. |
| Место издания, распространения и т.д. |
М. |
| Имя издателя, распространителя и т. д. |
Амрита-Русь |
| Дата издания, распространения и т.д. |
2005 |
| 215 ## - ФИЗИЧЕСКАЯ ХАРАКТЕРИСТИКА |
| Специфическое обозначение материала и объем |
365 с. |
| Другие сведения о физической характеристике |
ил., портр. |
| Размеры |
21 |
| 300 ## - ОБЩИЕ ПРИМЕЧАНИЯ |
| Текст примечания |
На обл. авт. не указаны |
| 320 ## - ПРИМЕЧАНИЯ О НАЛИЧИИ В ДОКУМЕНТЕ БИБЛИОГРАФИИ / УКАЗАТЕЛЯ |
| Текст примечания |
Библиогр.: с. 133-136 (18 назв.) |
| 606 1# - НАИМЕНОВАНИЕ ТЕМЫ КАК ПРЕДМЕТ |
| Наименование темы |
Кундалини |
| Системный номер авторитетной/нормативной записи |
2184519 |
| Идентификатор авторитетной/нормативной записи |
RU\NLR\auth\661313448 |
| 610 0# - НЕКОНТРОЛИРУЕМЫЕ ПРЕДМЕТНЫЕ ТЕРМИНЫ |
| Предметный термин |
Религия -- Индуизм -- Вероучение индуизма -- История вероучения индуизма -- Вероучение индуизма в средние века (IV - XVIII вв.) -- Школы и направления -- Йога |
| 686 ## - ИНДЕКСЫ ДРУГИХ КЛАССИФИКАЦИЙ |
| Индекс |
Э331-4-340.2,0 |
| Код системы |
|
| 686 ## - ИНДЕКСЫ ДРУГИХ КЛАССИФИКАЦИЙ |
| Индекс |
Ю969.1 |
| 700 #0 - ИМЯ ЛИЦА - ПЕРВИЧНАЯ ОТВЕТСТВЕННОСТЬ |
| Код отношения |
Автор |
| Материалы, к которым относится поле |
rus |
| Графика поля |
Кириллица |
| Начальный элемент ввода |
Брамари Ананда |
| Идентификатор авторитетной/нормативной записи |
RU\NLR\AUTH\7731580 |
| Системный номер авторитетной/нормативной записи |
14590 |
| 701 #0 - ИМЯ ЛИЦА - АЛЬТЕРНАТИВНАЯ ОТВЕТСТВЕННОСТЬ |
| Код отношения |
Автор |
| Материалы, к которым относится поле |
rus |
| Графика поля |
Кириллица |
| Начальный элемент ввода |
Према Шакти Ананда |
| Идентификатор авторитетной/нормативной записи |
RU\NLR\AUTH\7731581 |
| Системный номер авторитетной/нормативной записи |
14591 |
| 701 #0 - ИМЯ ЛИЦА - АЛЬТЕРНАТИВНАЯ ОТВЕТСТВЕННОСТЬ |
| Код отношения |
Автор |
| Материалы, к которым относится поле |
rus |
| Графика поля |
Кириллица |
| Начальный элемент ввода |
Бала Янтра |
| Идентификатор авторитетной/нормативной записи |
RU\NLR\AUTH\7731582 |
| Системный номер авторитетной/нормативной записи |
14592 |
| 801 #0 - ИСТОЧНИК ЗАПИСИ |
| Страна |
Российская Федерация |
| Организация |
RuMoRKP |
| Дата составления |
20050428 |
| Правила каталогизации |
rcr |
| 801 #1 - ИСТОЧНИК ЗАПИСИ |
| Страна |
Российская Федерация |
| Организация |
RuMoRGB |
| Дата составления |
20050428 |
| 801 #2 - ИСТОЧНИК ЗАПИСИ |
| Страна |
Российская Федерация |
| Организация |
NLR |
| Дата составления |
20051005 |
| Правила каталогизации |
rcr |
| 942 ## - ДОПОЛНИТЕЛЬНЫЕ ЭЛЕМЕНТЫ ЗАПИСИ (АБИС) |
| Тип экземпляра АБИС |
Книга |
| 980 ## - КОЛЛЕКЦИЯ |
| Название коллекции |
Национальная библиография |